Movies Quiz

Random Movies or Actress Quiz
Score 0/12 Timer 05:00
0 Plays Today
% Correct
Natalie Portman
93.5%
Sigourney Weaver
92.5%
Demi Moore
92.3%
Kate Hudson
89.4%
Cate Blanchett
78.8%
Ellen Page
74.5%
Charlize Theron
68.2%
Tilda Swinton
60.8%
Toni Collette
26.7%
Robin Tunney
23.7%
Karen Gillan
19.4%
Persis Khambatta
6.6%

You're not logged in!

Compare scores with friends on all Sporcle quizzes.
OR
Log In

Sporcle TV

Today on Sporcle TV


Watch our educational content, quiz creation guides, and fun videos on Sporcle TV.

Show Comments

Extras

Top Quizzes Today


Score Distribution

Paid Content

Your Account Isn't Verified!

In order to create a playlist on Sporcle, you need to verify the email address you used during registration. Go to your Sporcle Settings to finish the process.

Report this User

Report this user for behavior that violates our Community Guidelines.

Details: